00923nam a22002535i 4500999001700000003000900017005001700026008004100043020001800084040004300102082002200145100003000167245004200197264007300239300002300312336002600335337002800361338002700389650004900416653002700465655001700492942001200509952014800521 c27912d27883EG-ScBUE20191217113501.0191130s2018 ii f 000 0 eng d a9789331322340 aEG-ScBUEbengerdacEG-ScBUEdEG-ScBUE04a428.0071bBRI2221 aBrindhamani, M.,eauthor.10aLanguage education /cM. Brindhamani. 1aNew Delhi :bA. P. H. Publishing Corporation :bS. B. Nangia,c2018. a211 pages ;c20 cm atextbtxt2rdacontent aunmediatedbn2rdamedia avolumebnc2rdacarrier 7aEnglish languagexStudy and teaching.2BUEsh bHHUUEENNcNovember2019 vReading book 2ddccBB 00102ddc40708BaccahaMAINbMAINc2NDd2019-11-30ePurchaseg297.00l0o428.0071 BRIp000048389r2025-07-15 00:00:00v371.25w2019-11-30yBB